000 00581nam a2200217 a 4500
001 0001-2069
003 ELIB.Books
008 190722 2010 eng
020 _a9781412961240
092 _a300.72
_bCre
100 _aCresswell, John w.
245 _aQualitative Inquiry & Research Design
260 _aLondon
_bSAGE Publications
_c2007
300 _a393
_c20cm
650 _aMethodology
856 _nKBTS Library
_uKBTS Elib
942 _2ddc
_cBK
990 _a4
998 _aEnglishbooks.elf
_ccat
_e2019-07-22
_mcat
_u2019-11-26
999 _c12069
_d12069